000 00830cam a22002291 4500
001 sa 67001000
003 DLC
005 20260227112319.0
008 790727r1965uuuuii b f000 0 eng
010 _asa 67001000
035 _a(OCoLC)5218111
040 _aDLC
_cOCl
_dDLC
042 _apremarc
050 0 0 _aDS448
_b.L35 1965
100 0 _aLajpat Rai,
_cLala,
_d1865-1928.
245 1 0 _aYoung India;
_ban interpretation and a history of the nationalist movement from within
_c[by] Lajpat Rai. With an introd. by V. C. Joshi.
260 _aDelhi,
_bPublications Division, Ministry of Information & Broadcasting, Govt. of India
_c[1965]
300 _a199 p.
_c21 cm.
500 _aA reprint of the 1st ed., published in 1916.
504 _aBibliography: p. [198]-199.
651 0 _aIndia
_xPolitics and government
_y1765-1947.
999 _c72332
_d72332